[Event "Torredembarra op"]
[Site "Torredembarra"]
[Date "2013.07.09"]
[Round "4"]
[White "Trepat Herranz, J."]
[Black "Panelo Muñoz, MA."]
[Result "0-1"]
[WhiteElo "2325"]
[BlackElo "2428"]
[PlyCount "114"]
[EventDate "2013.??.??"]
[EventType "swiss"]
[EventRounds "9"]
[Source "ChessBase"]
[SourceDate "2013.08.26"]

1. e4 c5 2. Nf3 d6 3. d4 Nf6 4. Nc3 cxd4 5. Qxd4 a6 6. Nd5 Nc6 7. Nxf6+ gxf6 8.
Qd3 Qb6 9. Be2 Rg8 10. O-O Bg4 11. Ne1 Ne5 12. Qd1 f5 13. Bxg4 fxg4 14. Nd3 Bg7
15. Be3 Qc6 16. Nxe5 Bxe5 17. Qd5 e6 18. Qd3 Rc8 19. c3 Qc4 20. Rfd1 Qxd3 21.
Rxd3 Rc4 22. Bd4 Bxd4 23. Rxd4 Rxd4 24. cxd4 Kd7 25. Rc1 Rg5 26. Kf1 Ra5 27. a3
Rh5 28. Kg1 Rb5 29. Rc2 Rb3 30. Rd2 Kc6 31. Kf1 Kb5 32. Ke2 Kc4 33. f3 gxf3+
34. gxf3 d5 35. exd5 exd5 36. h4 f5 37. h5 h6 38. Kf2 f4 39. Kg2 Rd3 40. Rc2+
Kxd4 41. Rc7 Rb3 42. Rh7 Rxb2+ 43. Kh3 Ke3 44. Rxh6 Kxf3 45. Rd6 Rb1 46. Kh2 d4
47. a4 Rc1 48. Rxd4 Rc5 49. Rd7 Rxh5+ 50. Kg1 b5 51. Rd6 Rg5+ 52. Kh2 bxa4 53.
Rxa6 Rg2+ 54. Kh1 Ra2 55. Kg1 a3 56. Ra8 Ra1+ 57. Kh2 a2 0-1

[Event "Torredembarra op"]
[Site "Torredembarra"]
[Date "2013.07.10"]
[Round "5"]
[White "Muñoz Pantoja, M."]
[Black "Gonzalez Rodriguez, JA."]
[Result "1/2-1/2"]
[WhiteElo "2457"]
[BlackElo "2356"]
[PlyCount "65"]
[EventDate "2013.??.??"]
[EventType "swiss"]
[EventRounds "9"]
[Source "ChessBase"]
[SourceDate "2013.08.26"]

1. e4 e6 2. d4 d5 3. Nd2 dxe4 4. Nxe4 Nd7 5. Nf3 Be7 6. Bd3 Ngf6 7. Nxf6+ Bxf6
8. c3 c5 9. Be3 cxd4 10. Nxd4 a6 11. O-O O-O 12. Qe2 Qc7 13. Rad1 b6 14. Be4
Bb7 15. Bxb7 Qxb7 16. Qf3 Qc7 17. Qc6 Rfc8 18. Qxc7 Rxc7 19. Nf3 b5 20. Rd2 Kf8
21. Rfd1 Ke8 22. Kf1 Be7 23. Bf4 Rb7 24. Ne5 Nb6 25. Nc6 Nc4 26. Re2 Bf6 27.
Ne5 Nb6 28. Ng4 Be7 29. Be5 h5 30. Ne3 f6 31. Bd4 Rc8 32. f4 Na4 33. g3 1/2-1/2

[Event "Torredembarra op"]
[Site "Torredembarra"]
[Date "2013.07.10"]
[Round "5"]
[White "Panelo Muñoz, MA."]
[Black "Bru Rullo, L."]
[Result "1-0"]
[WhiteElo "2428"]
[BlackElo "2087"]
[PlyCount "83"]
[EventDate "2013.??.??"]
[EventType "swiss"]
[EventRounds "9"]
[Source "ChessBase"]
[SourceDate "2013.08.26"]

1. Nf3 Nf6 2. c4 e6 3. g3 b6 4. Bg2 Bb7 5. O-O Be7 6. Nc3 O-O 7. Re1 Ne4 8.
Nxe4 Bxe4 9. d3 Bb7 10. e4 c5 11. d4 cxd4 12. Nxd4 d6 13. b3 a6 14. Bb2 Nd7 15.
Qe2 Qc7 16. Rad1 Rac8 17. h3 Bf6 18. Kh2 Rfd8 19. f4 Qb8 20. Rd2 Qa8 21. Qg4
Kh8 22. Qh5 g6 23. Qe2 Bg7 24. Nf3 Bxb2 25. Rxb2 Kg8 26. Rd2 Nc5 27. Rd4 a5 28.
Qe3 Rc7 29. f5 Nxe4 30. fxe6 Nc5 31. exf7+ Rxf7 32. Ng5 Rg7 33. Rxd6 Rgd7 34.
Rxd7 Rxd7 35. Bxb7 Qxb7 36. Qe8+ Kg7 37. Re2 h6 38. Qe5+ Kg8 39. Qf6 Qc8 40.
Qxg6+ Kf8 41. Rf2+ Ke7 42. Qf6+ 1-0

[Event "Torredembarra op"]
[Site "Torredembarra"]
[Date "2013.07.10"]
[Round "5"]
[White "Ruiz Font, E."]
[Black "De Rijk, N."]
[Result "1/2-1/2"]
[WhiteElo "2055"]
[BlackElo "1901"]
[PlyCount "76"]
[EventDate "2013.??.??"]
[EventType "swiss"]
[EventRounds "9"]
[Source "ChessBase"]
[SourceDate "2013.08.26"]

1. e4 d6 2. d4 Nf6 3. Nc3 g6 4. Nf3 Bg7 5. h3 O-O 6. Be3 c5 7. Be2 b6 8. e5
Nfd7 9. dxc5 Nxc5 10. exd6 exd6 11. Nd4 Bb7 12. O-O Ne4 13. Nxe4 Bxe4 14. c3
Nc6 15. Nxc6 Bxc6 16. Qd2 Qc7 17. f4 Rfe8 18. Bf3 d5 19. Rad1 Rad8 20. Bd4 Bh6
21. g3 Rd6 22. Qg2 Bg7 23. Bxg7 Kxg7 24. Bxd5 Red8 25. c4 Bxd5 26. cxd5 Qc5+
27. Qf2 Qxf2+ 28. Kxf2 Rxd5 29. Rxd5 Rxd5 30. Ke3 Rh5 31. h4 Ra5 32. a3 Rb5 33.
b4 a5 34. Rb1 Kf6 35. Kd4 axb4 36. axb4 Ke6 37. Kc4 Rd5 38. Re1+ Kd6 1/2-1/2

[Event "Torredembarra op"]
[Site "Torredembarra"]
[Date "2013.07.11"]
[Round "6"]
[White "Barbero Sendic, A."]
[Black "Graells, R."]
[Result "1-0"]
[WhiteElo "2345"]
[BlackElo "2153"]
[PlyCount "65"]
[EventDate "2013.??.??"]
[EventType "swiss"]
[EventRounds "9"]
[Source "ChessBase"]
[SourceDate "2013.08.26"]

1. e4 c6 2. d4 d5 3. f3 e6 4. Nc3 g6 5. Be3 Bg7 6. Qd2 Nd7 7. O-O-O b6 8. exd5
exd5 9. Re1 Kf8 10. Kb1 Ndf6 11. g4 h5 12. g5 Ne8 13. Bf4 Ne7 14. h4 Nd6 15.
Qh2 Nef5 16. Be5 Be6 17. Bd3 Qd7 18. Nh3 Nc4 19. Bxg7+ Nxg7 20. Bxc4 dxc4 21.
Nf4 Bf5 22. d5 Re8 23. dxc6 Qxc6 24. Nfd5 Rd8 25. Nf6 Ne8 26. Nxe8 Rxe8 27.
Rxe8+ Qxe8 28. Qd6+ Qe7 29. Qd4 f6 30. gxf6 Qd7 31. Qe5 Kf7 32. Rd1 Qe8 33.
Qc7+ 1-0

[Event "Torredembarra op"]
[Site "Torredembarra"]
[Date "2013.07.11"]
[Round "6"]
[White "De Rijk, N."]
[Black "Chueca Forcen, A."]
[Result "0-1"]
[WhiteElo "1901"]
[BlackElo "2335"]
[PlyCount "72"]
[EventDate "2013.??.??"]
[EventType "swiss"]
[EventRounds "9"]
[Source "ChessBase"]
[SourceDate "2013.08.26"]

1. d4 Nf6 2. Nf3 e6 3. g3 c5 4. c4 cxd4 5. Nxd4 d5 6. Bg2 e5 7. Nb5 a6 8. N5c3
d4 9. Nd5 Nxd5 10. Bxd5 Bh3 11. Qb3 Ra7 12. Bxb7 Bc5 13. Nd2 O-O 14. Ne4 Qe7
15. Bd5 Bb4+ 16. Kd1 a5 17. Qd3 Bf5 18. g4 Bg6 19. h4 Na6 20. h5 Nc5 21. Qf3
Bxe4 22. Bxe4 Nxe4 23. Qxe4 Qc7 24. a3 Be7 25. f4 Qxc4 26. Rh3 exf4 27. Bxf4
Qa4+ 28. b3 Qd7 29. Be5 Re8 30. Qxd4 Bc5 31. Qxd7 Rxd7+ 32. Ke1 Rxe5 33. Rc1 h6
34. Rhc3 Bxa3 35. Rc8+ Kh7 36. Ra8 Bxc1 0-1

[Event "Torredembarra op"]
[Site "Torredembarra"]
[Date "2013.07.11"]
[Round "6"]
[White "Gonzalez Rodriguez, JA."]
[Black "Panelo Muñoz, MA."]
[Result "1/2-1/2"]
[WhiteElo "2356"]
[BlackElo "2428"]
[PlyCount "61"]
[EventDate "2013.??.??"]
[EventType "swiss"]
[EventRounds "9"]
[Source "ChessBase"]
[SourceDate "2013.08.26"]

1. c4 Nf6 2. Nc3 c5 3. g3 g6 4. Bg2 Bg7 5. e3 Nc6 6. Nge2 h5 7. h3 e6 8. Nf4 e5
9. Nfd5 Nxd5 10. Nxd5 d6 11. O-O Be6 12. d3 Ne7 13. Nxe7 Qxe7 14. Qb3 O-O 15.
Qxb7 Qxb7 16. Bxb7 Rab8 17. Bg2 e4 18. Bxe4 Bxh3 19. Rd1 Bxb2 20. Rb1 Bxc1 21.
Rdxc1 Bd7 22. Bb7 Bc8 23. Bd5 Bd7 24. d4 Kg7 25. Rb3 Ba4 26. Rbb1 Bd7 27. Bb7
Bc8 28. Bd5 Bd7 29. Bb7 Bc8 30. Bd5 Bd7 31. Bb7 1/2-1/2

[Event "Torredembarra op"]
[Site "Torredembarra"]
[Date "2013.07.11"]
[Round "6"]
[White "Pogorelov, R."]
[Black "Muñoz Pantoja, M."]
[Result "1/2-1/2"]
[WhiteElo "2392"]
[BlackElo "2457"]
[PlyCount "55"]
[EventDate "2013.??.??"]
[EventType "swiss"]
[EventRounds "9"]
[Source "ChessBase"]
[SourceDate "2013.08.26"]

1. Nf3 c5 2. c4 Nc6 3. d4 g6 4. d5 Na5 5. e4 Bg7 6. e5 d6 7. Bd2 b6 8. Bc3 dxe5
9. Nxe5 Qc7 10. Nf3 Nf6 11. Be5 Qd8 12. Nc3 O-O 13. Be2 e6 14. O-O exd5 15.
cxd5 Bb7 16. d6 Ne4 17. Bxg7 Kxg7 18. Nxe4 Bxe4 19. b4 Nb7 20. bxc5 Nxc5 21.
Qd4+ Qf6 22. Ne5 Rad8 23. Rad1 Bc2 24. Rd2 Bf5 25. Nc6 Rd7 26. Ne5 Rdd8 27. Nc6
Rd7 28. Ne5 1/2-1/2

[Event "Torredembarra op"]
[Site "Torredembarra"]
[Date "2013.07.12"]
[Round "7"]
[White "Chueca Forcen, A."]
[Black "Simon Padros, E."]
[Result "1/2-1/2"]
[WhiteElo "2335"]
[BlackElo "2224"]
[PlyCount "63"]
[EventDate "2013.??.??"]
[EventType "swiss"]
[EventRounds "9"]
[Source "ChessBase"]
[SourceDate "2013.08.26"]

1. d4 e6 2. c4 f5 3. g3 Nf6 4. Bg2 d5 5. Nf3 c6 6. O-O Bd6 7. Bf4 Bxf4 8. gxf4
O-O 9. Qc2 Ne4 10. Nbd2 Nd7 11. e3 Qe7 12. Rac1 Nxd2 13. Qxd2 h6 14. Ne5 Nxe5
15. fxe5 b6 16. cxd5 cxd5 17. Rc3 Bb7 18. Rfc1 Rfc8 19. f3 Rxc3 20. Rxc3 Qd7
21. Kf2 Rc8 22. Qc2 Rxc3 23. Qxc3 Kf7 24. Qa3 Ba8 25. Qa6 Bc6 26. Bf1 Qb7 27.
Qxb7+ Bxb7 28. h4 g5 29. hxg5 hxg5 30. Bb5 Ke7 31. Ke1 Kd8 32. Kd2 1/2-1/2

[Event "Torredembarra op"]
[Site "Torredembarra"]
[Date "2013.07.12"]
[Round "7"]
[White "Gonzalez Rodriguez, JA."]
[Black "Villuendas Valero, A."]
[Result "1-0"]
[WhiteElo "2356"]
[BlackElo "2296"]
[PlyCount "71"]
[EventDate "2013.??.??"]
[EventType "swiss"]
[EventRounds "9"]
[Source "ChessBase"]
[SourceDate "2013.08.26"]

1. b3 d5 2. e3 Nf6 3. Bb2 e6 4. Nf3 c5 5. d4 Nc6 6. a3 Bd6 7. Ne5 O-O 8. Nd2
cxd4 9. exd4 Qc7 10. f4 Qb6 11. Ndf3 Ne4 12. Bd3 f6 13. Nxc6 bxc6 14. Qc1 e5
15. fxe5 fxe5 16. O-O exd4 17. Bxe4 dxe4 18. Nxd4 Ba6 19. Rxf8+ Rxf8 20. Qe3 c5
21. Ne2 Bxe2 22. Qxe2 c4+ 23. Kh1 cxb3 24. Qc4+ Kh8 25. cxb3 Qe3 26. Bd4 Qd3
27. Bxa7 Be5 28. Qxd3 exd3 29. Rd1 Rd8 30. Be3 Kg8 31. g3 Bc3 32. Bd2 Bd4 33.
Kg2 Bb6 34. Kf3 Re8 35. Bf4 Re2 36. Rd2 1-0

[Event "Torredembarra op"]
[Site "Torredembarra"]
[Date "2013.07.12"]
[Round "7"]
[White "Muñoz Pantoja, M."]
[Black "Farran Martos, FX."]
[Result "1/2-1/2"]
[WhiteElo "2457"]
[BlackElo "2325"]
[PlyCount "67"]
[EventDate "2013.??.??"]
[EventType "swiss"]
[EventRounds "9"]
[Source "ChessBase"]
[SourceDate "2013.08.26"]

1. e4 c5 2. Nf3 g6 3. c4 Bg7 4. d4 cxd4 5. Nxd4 Nc6 6. Be3 Nf6 7. Nc3 d6 8. Be2
O-O 9. O-O Bd7 10. Qd2 Rc8 11. Nxc6 Bxc6 12. f3 b6 13. Rac1 Qd7 14. Bh6 Bxh6
15. Qxh6 e5 16. Rcd1 Qe7 17. Rd2 Rcd8 18. Rfd1 Nh5 19. g3 Ng7 20. Nd5 Bxd5 21.
cxd5 Rc8 22. Bb5 Rc5 23. Bd3 f5 24. Rf2 f4 25. Kg2 a5 26. a4 Nh5 27. g4 Ng7 28.
Bb5 Rfc8 29. h4 Rc1 30. Rxc1 Rxc1 31. Qg5 Kf7 32. Qh6 Kg8 33. Qg5 Kf7 34. Qh6
1/2-1/2

[Event "Torredembarra op"]
[Site "Torredembarra"]
[Date "2013.07.12"]
[Round "7"]
[White "Panelo Muñoz, MA."]
[Black "Barbero Sendic, A."]
[Result "1-0"]
[WhiteElo "2428"]
[BlackElo "2345"]
[PlyCount "52"]
[EventDate "2013.??.??"]
[EventType "swiss"]
[EventRounds "9"]
[Source "ChessBase"]
[SourceDate "2013.08.26"]

1. d4 Nf6 2. c4 g6 3. Nc3 Bg7 4. e4 O-O 5. f3 d6 6. Nge2 c5 7. d5 a6 8. a4 h5
9. Bg5 Nh7 10. Be3 f5 11. exf5 gxf5 12. Nf4 Qe8 13. Be2 Nf6 14. O-O h4 15. Qe1
h3 16. Nxh3 Qh5 17. Nf4 Qh6 18. Qf2 Nfd7 19. Ne6 f4 20. Nxf4 Bd4 21. g3 Rxf4
22. gxf4 Nf6 23. Kh1 Bxc3 24. bxc3 Bf5 25. Rg1+ Kf7 26. Rg5 Bh3 1-0

[Event "Torredembarra op"]
[Site "Torredembarra"]
[Date "2013.07.13"]
[Round "8"]
[White "Barbero Sendic, A."]
[Black "Fernandez Muixi, F."]
[Result "1-0"]
[WhiteElo "2345"]
[BlackElo "2127"]
[PlyCount "43"]
[EventDate "2013.??.??"]
[EventType "swiss"]
[EventRounds "9"]
[Source "ChessBase"]
[SourceDate "2013.08.26"]

1. e4 c5 2. Nf3 d6 3. d4 cxd4 4. Qxd4 Nc6 5. Bb5 Bd7 6. Bxc6 bxc6 7. c4 e5 8.
Qd3 Be7 9. Nc3 Qc7 10. O-O Nf6 11. b3 h6 12. Nh4 g6 13. c5 O-O-O 14. cxd6 Bxd6
15. Be3 Kb8 16. Rac1 c5 17. Nf3 Bc6 18. b4 Nd7 19. Nb5 Bxb5 20. Qxb5+ Qb7 21.
Qxb7+ Kxb7 22. bxc5 1-0

[Event "Torredembarra op"]
[Site "Torredembarra"]
[Date "2013.07.13"]
[Round "8"]
[White "Chueca Forcen, A."]
[Black "Gonzalez Rodriguez, JA."]
[Result "0-1"]
[WhiteElo "2335"]
[BlackElo "2356"]
[PlyCount "76"]
[EventDate "2013.??.??"]
[EventType "swiss"]
[EventRounds "9"]
[Source "ChessBase"]
[SourceDate "2013.08.26"]

1. e4 e6 2. d4 d5 3. Nc3 Bb4 4. Nge2 dxe4 5. a3 Bxc3+ 6. Nxc3 f5 7. f3 exf3 8.
Qxf3 Nf6 9. Bf4 O-O 10. O-O-O c6 11. Bc4 Nd5 12. h3 Nd7 13. Kb1 N7b6 14. Ba2
Nxf4 15. Qxf4 Nd5 16. Qd2 Bd7 17. Ne2 Qc7 18. g4 f4 19. Rdf1 f3 20. Nc1 c5 21.
Bxd5 exd5 22. dxc5 Qxc5 23. Nb3 Qe7 24. Qxd5+ Be6 25. Qe4 Qf7 26. Nd4 Bd5 27.
Qf5 f2 28. Rh2 Ba2+ 29. Ka1 Qc7 30. Qg5 Qxh2 31. Kxa2 Qf4 32. Qc5 b6 33. Qb4
Rae8 34. b3 Re1 35. Qc4+ Kh8 36. Qc3 Rxf1 37. Nf5 Qg5 38. Qc4 Qc1 0-1

[Event "Torredembarra op"]
[Site "Torredembarra"]
[Date "2013.07.13"]
[Round "8"]
[White "Muñoz Pantoja, M."]
[Black "Panelo Muñoz, MA."]
[Result "1-0"]
[WhiteElo "2457"]
[BlackElo "2428"]
[PlyCount "149"]
[EventDate "2013.??.??"]
[EventType "swiss"]
[EventRounds "9"]
[Source "ChessBase"]
[SourceDate "2013.08.26"]

1. e4 e5 2. Nf3 Nf6 3. Nc3 Nc6 4. Bb5 Nd4 5. Nxe5 Qe7 6. Nf3 Nxb5 7. Nxb5 Qxe4+
8. Qe2 Qxe2+ 9. Kxe2 Nd5 10. Re1 f6 11. d3 a6 12. Nbd4 Kf7 13. c4 Nb4 14. a3
Nc6 15. Be3 Nxd4+ 16. Nxd4 b6 17. Bf4 d6 18. Kf1 g5 19. Bd2 c5 20. Nf3 Bf5 21.
Re3 Bg7 22. Bc3 Rhe8 23. Rd1 Rad8 24. b4 b5 25. cxb5 axb5 26. Bb2 Bf8 27. Ne1
Re6 28. h3 h5 29. Nc2 g4 30. hxg4 hxg4 31. Rg3 c4 32. Nd4 Bxd3+ 33. Rdxd3 cxd3
34. Nxe6 Kxe6 35. Re3+ Kf7 36. Rxd3 d5 37. Rg3 f5 38. Rc3 d4 39. Rc6 d3 40. Ke1
Re8+ 41. Kd1 Re2 42. Bd4 Ra2 43. Rf6+ Ke8 44. Rxf5 Rxa3 45. Rxb5 Rb3 46. Re5+
Kd7 47. Bc5 Bxc5 48. bxc5 Rb1+ 49. Kd2 Rb2+ 50. Kxd3 Rxf2 51. Re2 Rf5 52. Kd4
g3 53. Re3 Rg5 54. Re5 Rg4+ 55. Kd5 Ra4 56. Rg5 Ra3 57. Rg7+ Kc8 58. Kd6 Rc3
59. Kc6 Kb8 60. Rb7+ Kc8 61. Rb4 Ra3 62. Rg4 Ra6+ 63. Kb5 Ra3 64. Kb6 Rc3 65.
Rg7 Rb3+ 66. Kc6 Kb8 67. Rg8+ Ka7 68. Kc7 Rd3 69. c6 Rc3 70. Re8 Ka6 71. Ra8+
Kb5 72. Rb8+ Ka6 73. Rb6+ Ka7 74. Rb2 Ra3 75. Kc8 1-0

[Event "Torredembarra op"]
[Site "Torredembarra"]
[Date "2013.07.14"]
[Round "9"]
[White "Barbero Sendic, A."]
[Black "Chueca Forcen, A."]
[Result "1-0"]
[WhiteElo "2345"]
[BlackElo "2335"]
[PlyCount "85"]
[EventDate "2013.??.??"]
[EventType "swiss"]
[EventRounds "9"]
[Source "ChessBase"]
[SourceDate "2013.08.26"]

1. e4 c6 2. d4 d5 3. Nc3 dxe4 4. Nxe4 Nf6 5. Nxf6+ gxf6 6. c3 Bf5 7. Nf3 Rg8 8.
Bf4 Qd5 9. Qb3 Qe4+ 10. Be3 b6 11. Nd2 Qg4 12. Be2 Qg6 13. O-O-O Bh6 14. f4 Kf8
15. g3 Bg4 16. Bxg4 Qxg4 17. Rhe1 Qh5 18. c4 Nd7 19. Qd3 Rc8 20. f5 Bxe3 21.
Qxe3 Re8 22. Ne4 Kg7 23. g4 Qh4 24. h3 Kh8 25. Kb1 Rc8 26. Nd2 Rce8 27. Qa3 c5
28. Qxa7 Nb8 29. Qxb6 cxd4 30. Qxd4 Qxh3 31. Rxe7 Rxe7 32. Qxf6+ Rg7 33. Qxe7
Qxg4 34. Qe8+ Rg8 35. Qe5+ Qg7 36. Qxg7+ Rxg7 37. f6 Rg4 38. Nf3 h5 39. Ne5 Rg8
40. Rh1 Re8 41. Nxf7+ Kh7 42. Nd6 Re5 43. Rg1 1-0

[Event "Torredembarra op"]
[Site "Torredembarra"]
[Date "2013.07.14"]
[Round "9"]
[White "Gonzalez Rodriguez, JA."]
[Black "Pogorelov, R."]
[Result "1/2-1/2"]
[WhiteElo "2356"]
[BlackElo "2392"]
[PlyCount "98"]
[EventDate "2013.??.??"]
[EventType "swiss"]
[EventRounds "9"]
[Source "ChessBase"]
[SourceDate "2013.08.26"]

1. b3 e5 2. Bb2 Nc6 3. e3 Nf6 4. c4 d5 5. cxd5 Nxd5 6. a3 Bd6 7. Qc2 O-O 8. Nf3
Qe7 9. d3 Kh8 10. Nbd2 f5 11. Be2 Bd7 12. Nc4 b5 13. Nxd6 cxd6 14. O-O Rac8 15.
Qd1 g5 16. Re1 g4 17. Nd2 Nd8 18. Bf1 Nc3 19. Bxc3 Rxc3 20. Rc1 Rxc1 21. Qxc1
Ne6 22. Qb2 Qg7 23. b4 Bc6 24. Rc1 Bb7 25. Qc2 h5 26. g3 Rc8 27. Qb2 Rxc1 28.
Qxc1 Ng5 29. Bg2 Kh7 30. e4 f4 31. Nb3 Ne6 32. Qc3 f3 33. Bf1 Qc7 34. Qd2 Qb6
35. h4 Kg7 36. Qc1 Qc7 37. Qd2 Qb6 38. Qe1 Bc6 39. Qc1 Be8 40. d4 exd4 41. e5
dxe5 42. Bd3 Qc6 43. Nc5 Nxc5 44. Qg5+ Kf8 45. bxc5 Qxc5 46. Qf6+ Bf7 47. Qd8+
Kg7 48. Qg5+ Kf8 49. Qd8+ Kg7 1/2-1/2

[Event "Torredembarra op"]
[Site "Torredembarra"]
[Date "2013.07.14"]
[Round "9"]
[White "Muñoz Pantoja, M."]
[Black "Trepat Herranz, J."]
[Result "1-0"]
[WhiteElo "2457"]
[BlackElo "2325"]
[PlyCount "119"]
[EventDate "2013.??.??"]
[EventType "swiss"]
[EventRounds "9"]
[Source "ChessBase"]
[SourceDate "2013.08.26"]

1. e4 c6 2. Nc3 d5 3. Nf3 Bg4 4. Be2 dxe4 5. Nxe4 Nf6 6. Nxf6+ exf6 7. d4 Bd6
8. h3 Bh5 9. Nh4 Bg6 10. Nxg6 hxg6 11. O-O Bc7 12. Bc4 O-O 13. c3 Nd7 14. Qg4
Nb6 15. Bb3 Nd5 16. Re1 Qd6 17. g3 Rfe8 18. Bd2 f5 19. Qf3 Nf6 20. Rad1 Ne4 21.
Bf4 Qd7 22. Kg2 Rad8 23. Bc1 Bd6 24. Bc2 Nf6 25. Bg5 Rxe1 26. Rxe1 Re8 27.
Rxe8+ Qxe8 28. Qe3 Qd8 29. Bb3 Kf8 30. Kf1 Be7 31. Bxf6 Bxf6 32. d5 Qb6 33. Qf4
Qd8 34. dxc6 bxc6 35. Qb4+ Kg8 36. Qb7 Qd3+ 37. Kg1 Qb1+ 38. Kh2 Kh7 39. Qxf7
Kh6 40. Qe8 g5 41. Qh8+ Kg6 42. Bg8 Be5 43. Bh7+ Kf7 44. Qc8 Bxg3+ 45. Kxg3
Qd3+ 46. Kg2 Qe4+ 47. Kf1 Qb1+ 48. Ke2 Qc2+ 49. Ke3 Qe4+ 50. Kd2 Qd5+ 51. Kc1
Qh1+ 52. Kc2 Qe4+ 53. Kb3 Qd5+ 54. c4 Qd3+ 55. Kb4 Qd2+ 56. Kc5 Qa5+ 57. Kd6
Qb4+ 58. c5 Qd4+ 59. Kxc6 Qe4+ 60. Kc7 1-0

[Event "Ct. Girona indiv. Absolut"]
[Site "Sant Gregori/Girona/Blanes"]
[Date "2014.10.05"]
[Round "1"]
[White "Aymerich Verdaguer, E."]
[Black "Pasto Benham, F."]
[Result "1-0"]
[WhiteElo "2242"]
[BlackElo "1878"]
[PlyCount "95"]
[EventDate "2014.??.??"]
[EventType "swiss"]
[EventRounds "9"]
[EventCountry "ESP"]

1. d4 Nf6 2. Nf3 g6 3. c4 d6 4. Nc3 Bg7 5. e4 O-O 6. Be2 Re8 7. O-O e5 8. d5 a5
9. Ne1 Nbd7 10. Nd3 c6 11. Be3 c5 12. Qd2 Nb6 13. b3 Bd7 14. a4 Rb8 15. Rae1
Qc8 16. Bd1 Na8 17. f4 Bg4 18. fxe5 dxe5 19. Bxc5 Bxd1 20. Qxd1 Qd7 21. Qf3 b6
22. Be3 Nc7 23. Rc1 Qd6 24. Rb1 Na6 25. Nb5 Qd7 26. Bg5 Nh5 27. g4 f6 28. Be3
Nf4 29. Nxf4 exf4 30. Bxf4 Rbd8 31. Rbe1 Nc5 32. Bc7 Rb8 33. Bxb8 Rxb8 34. g5
Rf8 35. Qg3 fxg5 36. Rxf8+ Bxf8 37. e5 Qf5 38. Nd4 Qf4 39. Qxf4 gxf4 40. e6 Be7
41. Nb5 Nd3 42. Rd1 Bc5+ 43. Kg2 Nf2 44. Rf1 Ne4 45. Rxf4 Nd6 46. Nxd6 Bxd6 47.
Rf7 h5 48. Rd7 1-0

[Event "Ct. Girona indiv. Absolut"]
[Site "Sant Gregori/Girona/Blanes"]
[Date "2014.10.05"]
[Round "1"]
[White "Castella Margarit, JE."]
[Black "Domenech Plana, J."]
[Result "0-1"]
[WhiteElo "1899"]
[BlackElo "2315"]
[PlyCount "67"]
[EventDate "2014.??.??"]
[EventType "swiss"]
[EventRounds "9"]
[EventCountry "ESP"]

1. d4 c5 2. d5 e5 3. e4 d6 4. Bd3 Ne7 5. Ne2 Ng6 6. O-O Be7 7. c4 Bg5 8. f4
exf4 9. Nxf4 Nd7 10. Nc3 Nde5 11. Be2 O-O 12. Nb5 Nxf4 13. Bxf4 Bxf4 14. Rxf4
a6 15. Nc3 Qg5 16. Qf1 Bh3 17. Rf2 h5 18. Kh1 Bd7 19. Qc1 Qe7 20. Qe3 Rae8 21.
Raf1 f5 22. h3 g6 23. b3 Rf7 24. exf5 Ng4 25. fxg6 Rxf2 26. Qxe7 Rxe7 27. hxg4
Rexe2 28. Rxf2 Rxf2 29. gxh5 Rf4 30. g3 Rd4 31. Ne2 Bg4 32. Nf4 Kg7 33. Kg1 Re4
34. Kf2 0-1

[Event "Ct. Girona indiv. Absolut"]
[Site "Sant Gregori/Girona/Blanes"]
[Date "2014.10.05"]
[Round "1"]
[White "Diaz Muñoz, S."]
[Black "Pereira Garcia, JR."]
[Result "1-0"]
[WhiteElo "2172"]
[BlackElo "1870"]
[PlyCount "31"]
[EventDate "2014.??.??"]
[EventType "swiss"]
[EventRounds "9"]
[EventCountry "ESP"]

1. e4 e5 2. Nf3 Nc6 3. d4 exd4 4. Nxd4 Bc5 5. Nxc6 Qf6 6. Qf3 Qxc6 7. Nc3 Nf6
8. Bb5 Qe6 9. O-O O-O 10. Bg5 Bd4 11. Qd3 Bxc3 12. Qxc3 Qg4 13. Qe3 Qe6 14. e5
Ne8 15. Qe4 Qg6 16. Qh4 1-0

[Event "Ct. Girona indiv. Absolut"]
[Site "Sant Gregori/Girona/Blanes"]
[Date "2014.10.05"]
[Round "1"]
[White "Fernandez Alsina, D."]
[Black "Campo Echevarria, JF."]
[Result "0-1"]
[WhiteElo "1862"]
[BlackElo "2171"]
[PlyCount "52"]
[EventDate "2014.??.??"]
[EventType "swiss"]
[EventRounds "9"]
[EventCountry "ESP"]

1. e4 c5 2. d4 cxd4 3. Qxd4 Nc6 4. Qe3 g6 5. Nc3 Bg7 6. Bd2 Nf6 7. h3 d6 8. Bb5
Bd7 9. Bxc6 Bxc6 10. Nf3 O-O 11. O-O Nd7 12. Kh1 Nb6 13. b3 Qc8 14. Rac1 Rd8
15. Rfe1 d5 16. exd5 Nxd5 17. Nxd5 Rxd5 18. Re2 Rf5 19. Ng1 Qd7 20. Bc3 Bxc3
21. Qxc3 Rc8 22. Rd2 Qe6 23. Qg3 Qf6 24. b4 Rg5 25. Qe3 Rxg2 26. Ne2 Rg3+ 0-1

[Event "Ct. Girona indiv. Absolut"]
[Site "Sant Gregori/Girona/Blanes"]
[Date "2014.10.05"]
[Round "1"]
[White "Foix Breto, A."]
[Black "Castillo Fernandez, C."]
[Result "0-1"]
[WhiteElo "1887"]
[BlackElo "2243"]
[PlyCount "54"]
[EventDate "2014.??.??"]
[EventType "swiss"]
[EventRounds "9"]
[EventCountry "ESP"]

1. e4 Nf6 2. e5 Nd5 3. d4 d6 4. Nf3 Bg4 5. Be2 c6 6. O-O Bxf3 7. Bxf3 dxe5 8.
dxe5 e6 9. c4 Ne7 10. Qxd8+ Kxd8 11. Bg5 Nd7 12. Re1 Kc7 13. Bxe7 Bxe7 14. Nc3
Bb4 15. Rac1 Nc5 16. Re3 Rhd8 17. Ne4 Nd3 18. Rc2 Nxe5 19. Ng5 Nxf3+ 20. gxf3
Rd7 21. Nxh7 Bd2 22. Re2 Bf4 23. h4 f6 24. Rxe6 Rh8 25. Nxf6 gxf6 26. Rxf6 Rd1+
27. Kg2 Rg8+ 0-1

[Event "Ct. Girona indiv. Absolut"]
[Site "Sant Gregori/Girona/Blanes"]
[Date "2014.10.05"]
[Round "1"]
[White "Huici Bentue, D."]
[Black "Camprubi Juanola, J."]
[Result "1-0"]
[WhiteElo "2148"]
[BlackElo "1842"]
[PlyCount "103"]
[EventDate "2014.??.??"]
[EventType "swiss"]
[EventRounds "9"]
[EventCountry "ESP"]

1. e4 e6 2. d4 d5 3. exd5 exd5 4. Nf3 Nf6 5. Ne5 Bd6 6. Bg5 Qe7 7. f4 Bg4 8.
Be2 Bxe2 9. Qxe2 O-O 10. Nc3 c6 11. O-O Qd8 12. Rae1 Be7 13. Ng4 Nbd7 14. Qxe7
Nxg4 15. Qxd8 Raxd8 16. Bxd8 Rxd8 17. Re7 Kf8 18. Rfe1 a6 19. Nd1 b6 20. c3 c5
21. Nf2 Ngf6 22. R7e2 cxd4 23. cxd4 Re8 24. Rxe8+ Nxe8 25. Nd3 a5 26. Rc1 Ke7
27. Ne5 f6 28. Nxd7 Kxd7 29. Rc3 Nc7 30. Rh3 h6 31. Rg3 Ne6 32. f5 Nxd4 33.
Rxg7+ Kc8 34. Rg6 Nxf5 35. Rxf6 Ne7 36. Rxb6 d4 37. Rd6 Nf5 38. Rd5 Ne3 39.
Rxd4 a4 40. Rxa4 h5 41. Ra7 h4 42. Kf2 h3 43. Kxe3 hxg2 44. Kf2 Kb8 45. Rh7 Kc8
46. Kxg2 Kd8 47. Kf3 Ke8 48. Kf4 Kf8 49. Kf5 Kg8 50. Ra7 Kf8 51. Ke6 Ke8 52.
Ra8# 1-0

[Event "Ct. Girona indiv. Absolut"]
[Site "Sant Gregori/Girona/Blanes"]
[Date "2014.10.05"]
[Round "1"]
[White "Mallol Descarrega, G."]
[Black "Balague Camps, M."]
[Result "0-1"]
[WhiteElo "1871"]
[BlackElo "2207"]
[PlyCount "42"]
[EventDate "2014.??.??"]
[EventType "swiss"]
[EventRounds "9"]
[EventCountry "ESP"]

1. e4 c5 2. Nf3 e6 3. d4 cxd4 4. Nxd4 Nc6 5. Be3 Nf6 6. Bd3 Qc7 7. O-O a6 8. c3
d5 9. exd5 Nxd5 10. Nxc6 bxc6 11. Nd2 Bd6 12. h3 Nxe3 13. fxe3 O-O 14. Qh5 f5
15. g4 Bd7 16. gxf5 exf5 17. Rf2 Bc5 18. Nc4 Be6 19. Bxf5 Rxf5 20. Rxf5 Qg3+
21. Kf1 Bxc4+ 0-1